Salva a los Americanos Adivinando Estados - Estadísticas

Estadísticas generales
  • Esta prueba ha sido intentada 7.161 veces
  • La puntuación promedio es 141 de 330
Respuestas en el mapa
Las respuestas están codificadas por una escala verde-roja en el mapa de la prueba según el % correcto abajo.
 
Estadísticas de respuestas
Población Estado % Correcto
39,512,223 California
86%
19,453,561 Nueva York
80%
28,995,881 Texas
80%
21,477,737 Florida
70%
7,614,893 Washington
51%
11,689,100 Ohio
37%
7,278,717 Arizona
36%
3,080,156 Nevada
36%
731,545 Alaska
35%
2,096,829 Nuevo México
34%
12,671,821 Illinois
33%
8,882,190 Nueva Jersey
33%
4,217,737 Oregón
32%
5,758,736 Colorado
30%
4,903,185 Alabama
29%
10,617,423 Georgia
28%
1,415,872 Hawái
27%
9,986,857 Míchigan
27%
10,488,084 Carolina del Norte
26%
3,205,958 Utah
25%
12,801,989 Pensilvania
24%
3,017,825 Arkansas
23%
2,913,314 Kansas
22%
1,344,212 Maine
22%
8,535,519 Virginia
22%
1,787,065 Idaho
21%
6,732,219 Indiana
21%
5,148,714 Carolina del Sur
20%
1,068,778 Montana
20%
3,155,070 Iowa
18%
762,062 Dakota del Norte
16%
5,639,632 Minnesota
16%
2,976,149 Misisipi
16%
884,659 Dakota del Sur
15%
4,648,794 Luisiana
15%
6,137,428 Misuri
14%
1,934,408 Nebraska
14%
3,956,971 Oklahoma
14%
4,467,673 Kentucky
13%
6,949,503 Massachusetts
13%
5,822,434 Wisconsin
13%
623,989 Vermont
12%
578,759 Wyoming
12%
973,764 Delaware
11%
6,045,680 Maryland
11%
6,833,174 Tennessee
10%
3,565,287 Connecticut
9%
1,359,711 Nuevo Hampshire
7%
1,059,361 Rhode Island
7%
1,792,147 Virginia Occidental
5%
No se encontraron pruebas coincidentes
Distribución de puntuación
Porcentaje de gente con cada puntuación
Porcentaje por número respondido
Historial de tus puntuaciones
No has intentado esta prueba.